Marketing Management : A Relationship Marketing Perspective (Record no. 868)

MARC details
000 -LEADER
Fixed length control field 00516nam a2200169 4500
003 - CONTROL NUMBER IDENTIFIER
Control field SEACOMMC
005 - DATE AND TIME OF LATEST TRANSACTION
Control field 20250426132112.0
008 - FIXED-LENGTH DATA ELEMENTS--GENERAL INFORMATION
Fixed length control field 241213b |||||||| |||| 00| 0 eng d
020 ## - INTERNATIONAL STANDARD BOOK NUMBER / ISBN
International Standard Book Number 978-0-33377-750-3
Price Rs.395.00
040 ## - CATALOGING SOURCE
Original cataloging agency SEACOMMC
082 ## - DEWEY DECIMAL CLASSIFICATION NUMBER
Classification number 658.8
Book Number C 891
100 ## - MAIN ENTRY--PERSONAL NAME
Personal name Cranfield School of Management
245 1# - TITLE STATEMENT
Title Marketing Management : A Relationship Marketing Perspective
Statement of responsibility Cranfield School of Management
260 ## - IMPRINT
Place of publication New York
Name of publisher Macmillan
Date of publication 2000
650 ## - SUBJECT ADDED ENTRY--TOPICAL TERM
Topical term Marketing - Management
942 ## - ADDED ENTRY ELEMENTS (KOHA)
Koha item type Books
Holdings
Withdrawn status Lost status Source of classification Damaged status Not for loan Collection code Home library Current library Shelving location Date acquired Total Checkouts Call number Accession number Date last seen Price effective from Koha item type Copy number
    Dewey Decimal Classification     Reference SEACOM MANAGEMENT COLLEGE SEACOM MANAGEMENT COLLEGE Reference 06/12/2007   658.8 C 891 M-1172 13/12/2024 13/12/2024 Books  
    Dewey Decimal Classification       SEACOM MANAGEMENT COLLEGE SEACOM MANAGEMENT COLLEGE   06/12/2007   658.8 C 891 M-1173 13/12/2024 13/12/2024 Books 1
    Dewey Decimal Classification       SEACOM MANAGEMENT COLLEGE SEACOM MANAGEMENT COLLEGE   06/12/2007   658.8 C 891 M-1174 13/12/2024 13/12/2024 Books 2
© Seacom Engineering College, All rights reserved.    Powered by Koha